000 00633nam a2200229Ia 4500
003 OSt
005 20221007081137.0
006 a|||||r|||| 00| 0
007 ta
008 221006b |||||||| |||| 00| 0 eng d
024 _a28,137
037 _cTextual
040 _aFLL
_cFLL
_beng
041 _2eng
_aeng
082 _aZ73,2150aF555, L9
100 _aSwan Peter N.
_9696519
245 0 _aOcean oil and gas drilling & the law
260 _aNew York
_bOceana Publications, Inc
_c1979
300 _axxi,462p
_ccm.
942 _hZ73,2150aF555, L9
_cTEXL
_2CC
999 _c1162170
_d1162170